| 000 | 00425nam a2200181Ia 4500 | ||
|---|---|---|---|
| 005 | 20240823055155.0 | ||
| 008 | 240823s9999||||xx |||||||||||||| ||und|| | ||
| 041 | _aENGLISH | ||
| 082 | _A515.8 Q2 | ||
| 100 | _aBhat V K | ||
| 245 | 3 | _aAn Introduction to Real Analysis | |
| 250 | _a1st | ||
| 260 |
_c2012 _bNarosa Publishing |
||
| 500 | _aYES | ||
| 650 |
_aReal Analysis _bMathematics |
||
| 942 | _cBK | ||
| 999 |
_c228159 _d228159 |
||